Hoá học thuốc nhuộm

محفوظ في:
التفاصيل البيبلوغرافية
المؤلف الرئيسي: Cao, Hữu Trượng
التنسيق: كتاب
اللغة:Undetermined
منشور في: Hà Nội Khoa học và Kỹ thuật 2003
الموضوعات:
الوسوم: إضافة وسم
لا توجد وسوم, كن أول من يضع وسما على هذه التسجيلة!
Thư viện lưu trữ: Trung tâm Học liệu Trường Đại học Cần Thơ
LEADER 00577nam a2200193Ia 4500
001 CTU_53683
008 210402s9999 xx 000 0 und d
020 |c 26000 
082 |a 547.86 
082 |b Tr561 
100 |a Cao, Hữu Trượng 
245 0 |a Hoá học thuốc nhuộm 
245 0 |c Cao Hữu Trượng, Hoàng Thị Lĩnh 
260 |a Hà Nội 
260 |b Khoa học và Kỹ thuật 
260 |c 2003 
650 |a Chemistry, organic,Dyes and dying 
650 |x Chemistry 
980 |a Trung tâm Học liệu Trường Đại học Cần Thơ